Twentieth-century literary theory : (Record no. 27794)

MARC details
000 -LEADER
fixed length control field 01580cam a22003615i 4500
001 - CONTROL NUMBER
control field 1652110
003 - CONTROL NUMBER IDENTIFIER
control field EG-ScBUE
005 - DATE AND TIME OF LATEST TRANSACTION
control field 20191204144445.0
008 - FIXED-LENGTH DATA ELEMENTS--GENERAL INFORMATION
fixed length control field 970326t19971997enk f b 001 0 eng d
020 ## - INTERNATIONAL STANDARD BOOK NUMBER
International Standard Book Number 0312175892 (pbk. : alk. paper)
020 ## - INTERNATIONAL STANDARD BOOK NUMBER
International Standard Book Number 9780312175894 (pbk. : alk. paper)
040 ## - CATALOGING SOURCE
Original cataloging agency DLC
Language of cataloging eng
Description conventions rda
Transcribing agency DLC
Modifying agency DLC
-- EG-ScBUE
082 04 - DEWEY DECIMAL CLASSIFICATION NUMBER
Classification number 801.950904
Item number TWE
Edition number 22
245 00 - TITLE STATEMENT
Title Twentieth-century literary theory :
Remainder of title a reader /
Statement of responsibility, etc edited by K. M. Newton.
250 ## - EDITION STATEMENT
Edition statement Second edition.
264 #1 - PUBLICATION, DISTRIBUTION, ETC. (IMPRINT)
Place of publication, distribution, etc Basingstoke, Hampshire ;
-- New York :
Name of publisher, distributor, etc Palgrave Macmillan,
Date of publication, distribution, etc [1997]
264 #4 - PUBLICATION, DISTRIBUTION, ETC. (IMPRINT)
Date of publication, distribution, etc c1997
300 ## - PHYSICAL DESCRIPTION
Extent xix, 306 pages ;
Dimensions 23 cm
336 ## - CONTENT TYPE
Content type term text
Content type code txt
Source rdacontent
337 ## - MEDIA TYPE
Media type term unmediated
Media type code n
Source rdamedia
338 ## - CARRIER TYPE
Carrier type term volume
Carrier type code nc
Source rdacarrier
504 ## - BIBLIOGRAPHY, ETC. NOTE
Bibliography, etc Includes bibliographical references and index.
520 ## - SUMMARY, ETC.
Summary, etc A thoroughly revised edition of this successful undergraduate introduction to literary theory, this text includes core pieces by leading theorists from Russian Formalists to Postmodernist and Post-colonial critics. An ideal teaching resource, with helpful introductory notes to each chapter.
650 #7 - SUBJECT ADDED ENTRY--TOPICAL TERM
Topical term or geographic name as entry element Criticism
General subdivision History
Chronological subdivision 20th century.
Source of heading or term BUEsh
650 #7 - SUBJECT ADDED ENTRY--TOPICAL TERM
Topical term or geographic name as entry element Literary theory.
Source of heading or term BUEsh
650 #7 - SUBJECT ADDED ENTRY--TOPICAL TERM
Topical term or geographic name as entry element Literature
General subdivision Philosophy
Source of heading or term BUEsh
9 (RLIN) 24262
653 ## - INDEX TERM--UNCONTROLLED
Resource For college Humanities: English
Arrived date list November2019
655 ## - INDEX TERM--GENRE/FORM
Form subdivision Reading book
700 1# - ADDED ENTRY--PERSONAL NAME
Personal name Newton, K. M.,
Relator term editor.
856 42 - ELECTRONIC LOCATION AND ACCESS
Materials specified Publisher description
Uniform Resource Identifier <a href="http://www.loc.gov/catdir/description/hol055/97010704.html">http://www.loc.gov/catdir/description/hol055/97010704.html</a>
856 41 - ELECTRONIC LOCATION AND ACCESS
Materials specified Table of contents
Uniform Resource Identifier <a href="http://www.loc.gov/catdir/toc/hol052/97010704.html">http://www.loc.gov/catdir/toc/hol052/97010704.html</a>
942 ## - ADDED ENTRY ELEMENTS (KOHA)
Source of classification or shelving scheme Dewey Decimal Classification
Koha item type Book - Borrowing
Holdings
Withdrawn status Lost status Source of classification or shelving scheme Damaged status Not for loan Collection code Home library Current library Shelving location Date acquired Source of acquisition Cost, normal purchase price Total Checkouts Full call number Barcode Date last seen Cost, replacement price Price effective from Koha item type
    Dewey Decimal Classification     Baccah Central Library Central Library Second Floor 21/11/2019 Purchase 750.00   801.950904 TWE 000048275 15/07/2025 937.50 21/11/2019 Book - Borrowing